[Sense títol]
Descripción Física:
[143] p. : il ; 22 cm
MARC
| LEADER | 00000nam a2200000Ia 4500 | ||
|---|---|---|---|
| 001 | 12766 | ||
| 008 | 160829s9999 xx 000 0 cat d | ||
| 080 | |a C-2-34 | ||
| 245 | |a [Sense títol] | ||
| 260 | |a [s.l.] : |b [s.n.] , [s.a.] | ||
| 300 | |a [143] p. : |b il ; |c 22 cm | ||
| 590 | |a Catàleg dels tipus que utilitzava la Casa Provincial de Caritat en les seves publicacions. | ||
| 590 | |a Mostrari de tipografia, claus, bigotis, filets, cantoneres, vinyetes, filets, emblemes, escuts, frisos i culs de llàntia. | ||
| 590 | |a Al llom: R. M. | ||
| 650 | 0 | |a Tipus d'impremta |9 30279 | |
| 650 | |a Casa de Caritat (Barcelona). Imprenta Escola |x Catàlegs |9 24276 | ||
| 710 | |a Casa de Caritat (Barcelona, Catalunya) |9 52406 | ||
| 710 | |a Casa de Caritat (Barcelona, Catalunya) |9 52406 | ||
| 901 | |a Arxiu | ||
| 942 | |n 1 | ||
| 952 | |0 0 |1 0 |4 0 |6 C234 |7 1 |9 43054 |a Arxiu |b Arxiu |d 2016-12-01 |l 0 |o C-2-34 |p 12766 |r 2016-12-01 00:00:00 |w 2016-12-01 |y ARXIU | ||
| 999 | |c 45598 |d 45598 | ||